| 000 | 00379 a2200109 4500 | ||
|---|---|---|---|
| 001 | ART_24058 | ||
| 005 | 20260410161933.0 | ||
| 008 | 260409a | ||
| 245 | 1 | 0 | _aTipo de cambio real competitivo, inflación y política monetaria |
| 100 | 1 | _aFrenkel, Roberto | |
| 773 | 0 |
_tRevista de Economía Política de Buenos Aires _g- Año 2, Vol. 3/4 (nov. 2008) _wREV23982 |
|
| 999 |
_c28825 _d28825 |
||